000 00881nam a22002777a 4500
003 CHAP
005 20220329135725.0
008 971013s r 00010 d
010 _a41106
011 _a42078
035 _a46205
040 _cCHAP
090 _aR-75
100 0 0 _aMueller-Dombois, Dieter.
_979279
245 _aEcological differentiation and soil fungal distribution in the Montage Grasslands of Ceylon
500 _aSobretiro de: Ceylon J. Sci., Biol. Sci. ((1): 1-39, 1971
590 _aBATCH-UPD
_b10
_c20130110
_lUCH01
_h1316
590 _aBATCH-UPD
_b10
_c20130410
_lUCH01
_h0828
590 _aBATCH-UPD
_b10
_c20130914
_lUCH01
_h1620
590 _aCONVERSION
_b10
_c20130109
_lUCH01
_h1323
650 1 4 _aHongos en suelos.
_956130
650 1 4 _aHongos
_xEcologĂ­a.
_956098
901 _aBK
942 _cREIMP
949 _aR-75
_bBC
_cR
_d-105298
_eTS1
_i46205
_si
999 _c41106
_d41106